[Event "Open International Liffré 2016"]
[Site "Liffré France"]
[Date "2016.10.28"]
[Round "9.4"]
[White "Marie, Xavier"]
[Black "Kulkarni, Ojas"]
[Result "1/2-1/2"]
[BlackElo "2405"]
[WhiteElo "1860"]
[LiveChessVersion "1.4.8"]

1. d4 {[%clk 1:30:55]} Nf6 {[%clk 1:30:47]} 2. c4 {[%clk 1:31:21]} g6
{[%clk 1:31:13]} 3. Nc3 {[%clk 1:31:48]} d5 {[%clk 1:31:39]} 4. cxd5
{[%clk 1:32:04]} Nxd5 {[%clk 1:32:07]} 5. Bd2 {[%clk 1:32:27]} Nb6
{[%clk 1:32:32]} 6. Nf3 {[%clk 1:32:36]} Bg7 {[%clk 1:32:53]} 7. e4
{[%clk 1:32:43]} Bg4 {[%clk 1:28:41]} 8. Be3 {[%clk 1:30:02]} Nc6
{[%clk 1:27:52]} 9. d5 {[%clk 1:25:32]} Ne5 {[%clk 1:22:10]} 10. Be2
{[%clk 1:03:19]} Bxf3 {[%clk 1:22:32]} 11. gxf3 {[%clk 1:03:33]} O-O
{[%clk 1:22:03]} 12. Qb3 {[%clk 1:03:30]} Qc8 {[%clk 1:13:01]} 13. h3
{[%clk 0:54:56]} c6 {[%clk 1:05:05]} 14. f4 {[%clk 0:44:15]} Ned7
{[%clk 1:05:06]} 15. Rc1 {[%clk 0:37:41]} cxd5 {[%clk 0:58:51]} 16. Nxd5
{[%clk 0:33:51]} Qd8 {[%clk 0:59:06]} 17. Rd1 {[%clk 0:26:43]} Nxd5
{[%clk 0:43:45]} 18. Rxd5 {[%clk 0:26:40]} e6 {[%clk 0:42:57]} 19. Rd2
{[%clk 0:22:58]} Qc7 {[%clk 0:41:35]} 20. O-O {[%clk 0:21:56]} Rfc8
{[%clk 0:32:36]} 21. Bf3 {[%clk 0:20:21]} Nb6 {[%clk 0:30:59]} 22. Rfd1
{[%clk 0:16:17]} Bf8 {[%clk 0:27:29]} 23. Rd3 {[%clk 0:14:49]} Qc2
{[%clk 0:23:43]} 24. Rc1 {[%clk 0:09:38]} Qxb3 {[%clk 0:22:54]} 25. Rxb3
{[%clk 0:10:03]} Rxc1+ {[%clk 0:23:22]} 26. Bxc1 {[%clk 0:10:27]} Rc8
{[%clk 0:23:42]} 27. Be3 {[%clk 0:10:12]} Bc5 {[%clk 0:24:10]} 28. Rc3
{[%clk 0:05:41]} Bxe3 {[%clk 0:23:28]} 29. Rxc8+ {[%clk 0:06:07]} Nxc8
{[%clk 0:23:56]} 30. fxe3 {[%clk 0:06:31]} Kf8 {[%clk 0:24:14]} 31. e5
{[%clk 0:06:41]} b6 {[%clk 0:24:34]} 32. Kf2 {[%clk 0:06:43]} Ne7
{[%clk 0:24:23]} 33. Be2 {[%clk 0:05:37]} Nf5 {[%clk 0:22:46]} 34. Bb5
{[%clk 0:05:39]} Ke7 {[%clk 0:21:39]} 35. Ke2 {[%clk 0:04:24]} f6
{[%clk 0:21:48]} 36. exf6+ {[%clk 0:04:15]} Kxf6 {[%clk 0:22:16]} 37. Kf3
{[%clk 0:02:53]} e5 {[%clk 0:22:31]} 38. fxe5+ {[%clk 0:02:19]} Kxe5
{[%clk 0:22:59]} 39. Bc4 {[%clk 0:01:31]} Nd6 {[%clk 0:09:52]} 40. Bg8
{[%clk 0:31:04]} Ne4 {[%clk 0:37:10]} 41. Ke2 {[%clk 0:16:29]} Nf6
{[%clk 0:35:31]} 42. Bc4 {[%clk 0:15:57]} g5 {[%clk 0:35:33]} 43. Ba6
{[%clk 0:12:50]} h5 {[%clk 0:33:14]} 44. Bc8 {[%clk 0:11:28]} Ne4
{[%clk 0:31:50]} 45. Bd7 {[%clk 0:10:07]} Nf6 {[%clk 0:25:10]} 46. Bc8
{[%clk 0:10:31]} g4 {[%clk 0:23:53]} 47. hxg4 {[%clk 0:10:49]} Nxg4
{[%clk 0:14:27]} 48. Bd7 {[%clk 0:10:21]} Nf6 {[%clk 0:14:06]} 49. Bc8
{[%clk 0:10:00]} Ne4 {[%clk 0:14:08]} 50. Bb7 {[%clk 0:08:26]} Ng5
{[%clk 0:14:20]} 51. Kf2 {[%clk 0:07:51]} h4 {[%clk 0:14:17]} 52. Kg2
{[%clk 0:07:42]} a5 {[%clk 0:14:09]} 53. b3 {[%clk 0:04:46]} b5 {[%clk 0:14:09]}
54. a3 {[%clk 0:04:22]} b4 {[%clk 0:14:33]} 55. axb4 {[%clk 0:04:40]} axb4
{[%clk 0:15:02]} 56. Ba6 {[%clk 0:02:16]} Ke4 {[%clk 0:14:55]} 57. Kf2
{[%clk 0:02:35]} h3 {[%clk 0:13:38]} 58. Ke2 {[%clk 0:02:34]} h2 {[%clk 0:13:57]}
59. Bb7+ {[%clk 0:02:16]} Ke5 {[%clk 0:14:20]} 60. Kf2 {[%clk 0:02:29]} Ne4+
{[%clk 0:13:56]} 61. Kg2 {[%clk 0:02:06]} Nc5 {[%clk 0:14:15]} 62. Bf3
{[%clk 0:01:28]} Nxb3 {[%clk 0:13:33]} 63. Bd1 {[%clk 0:01:22]} Nd2
{[%clk 0:13:14]} 64. Kxh2 {[%clk 0:01:17]} Nf1+ {[%clk 0:13:27]} 65. Kg1
{[%clk 0:01:27]} Nxe3 {[%clk 0:13:55]} 66. Ba4 {[%clk 0:01:06]} Kd4
{[%clk 0:13:13]} 67. Kf2 {[%clk 0:01:32]} Kd3 {[%clk 0:13:34]} 68. Ke1
{[%clk 0:01:38]} Nc4 {[%clk 0:13:43]} 69. Be8 {[%clk 0:00:38]} b3
{[%clk 0:13:11]} 70. Bg6+ {[%clk 0:00:55]} Kc3 {[%clk 0:13:33]} 71. Kd1
{[%clk 0:01:11]} Kb2 {[%clk 0:07:59]} 72. Bd3 {[%clk 0:00:52]} Na3
{[%clk 0:04:06]} 73. Bg6 {[%clk 0:01:06]} Nc4 {[%clk 0:03:49]} 74. Bd3
{[%clk 0:01:25]} Kc3 {[%clk 0:04:18]} 75. Bg6 {[%clk 0:01:17]} b2
{[%clk 0:04:38]} 76. Bb1 {[%clk 0:01:17]} Ne3+ {[%clk 0:04:34]} 77. Ke2
{[%clk 0:01:27]} Nc4 {[%clk 0:03:24]} 78. Kd1 {[%clk 0:01:46]} Nd2
{[%clk 0:02:47]} 79. Bc2 {[%clk 0:01:51]} Nc4 {[%clk 0:02:27]} 1/2-1/2

[Event "Open international Liffré" 2016"]
[Site "?"]
[Date "2016.10.25"]
[Round "5"]
[White "AUBRY, Youri"]
[Black "PUCHER, Sebastien"]
[Result "0-1"]
[WhiteElo "1762"]
[BlackElo "2366"]
[PlyCount "96"]

1. c4 g6 2. Nc3 Bg7 3. g3 c5 4. Bg2 Nc6 5. Nf3 d6 6. O-O Qd7 7. a3 b6 8. Rb1
Bb7 9. b4 e6 10. e3 Bxc3 11. dxc3 f6 12. e4 Nd8 13. Qd3 Nf7 14. Bf4 Ne7 15.
Rbd1 Rd8 16. Rfe1 g5 17. Be3 Ng6 18. Nd2 Nfe5 19. Qe2 g4 20. Bf4 h5 21. Bxe5
Nxe5 22. f4 gxf3 23. Nxf3 Ng6 24. Nh4 Qg7 25. Kh1 Nxh4 26. gxh4 Ke7 27. Bf3 Qh6
28. Qd2 f5 29. Qxh6 Rxh6 30. Rd3 fxe4 31. Bxe4 Bxe4+ 32. Rxe4 Rg8 33. Rg3 Rhg6
34. Kg2 e5 35. Kf3 Ke6 36. Kg2 Kf5 37. Ree3 Rxg3+ 38. hxg3 Rg4 39. Rf3+ Ke6 40.
Rf8 Rxc4 41. Rh8 Rxc3 42. Rxh5 e4 43. Rg5 Rc2+ 44. Kg1 e3 45. Rg8 Kf7 46. Rg4
Rc1+ 47. Kg2 e2 48. Rf4+ Kg7 0-1

[Event "Open international Liffré" 2016"]
[Site "?"]
[Date "2016.10.25"]
[Round "5"]
[White "SEITE, Sulian"]
[Black "PUCHER, Olivier"]
[Result "0-1"]
[WhiteElo "1872"]
[BlackElo "2354"]
[PlyCount "102"]
[EventDate "2016.??.??"]

1. c4 c5 2. Nc3 g6 3. g3 Bg7 4. Bg2 Nc6 5. Nf3 d6 6. O-O Qd7 7. Rb1 b6 8. e3
Nh6 9. d4 Nf5 10. Ne2 e6 11. d5 exd5 12. Qxd5 Bb7 13. Qd2 O-O-O 14. Rd1 h5 15.
a3 h4 16. b4 Qe6 17. Qd5 Qe7 18. Ne1 h3 19. Bh1 Ne5 20. Qxb7+ Qxb7 21. Bxb7+
Kxb7 22. e4 Ne7 23. Bb2 g5 24. f4 gxf4 25. Nxf4 Kc6 26. Nfd3 N7g6 27. Nxe5+
Bxe5 28. Nd3 Rde8 29. Nxe5+ Nxe5 30. Rd5 Rh5 31. b5+ Kd7 32. Bxe5 Rhxe5 33.
Rxe5 Rxe5 34. Re1 f5 35. Kf2 fxe4 36. Ke3 Ke6 37. Kf4 Rf5+ 38. Kg4 Ke5 39. Kxh3
Rf3 40. Kg4 d5 41. cxd5 Kxd5 42. h4 c4 43. h5 c3 44. h6 Kd4 45. h7 Rf8 46. Rf1
Rh8 47. Rf7 c2 48. Rc7 Kd3 49. Rd7+ Kc3 50. Kg5 e3 51. Kg6 c1=Q 0-1

[Event "Open international Liffré" 2016"]
[Site "?"]
[Date "2016.10.25"]
[Round "5"]
[White "FRANCEZ, Theo"]
[Black "MARIE, Xavier"]
[Result "0-1"]
[WhiteElo "1883"]
[BlackElo "1860"]
[PlyCount "79"]

1. Nf3 Nf6 2. c4 c5 3. Nc3 d5 4. cxd5 Nxd5 5. e4 Nb4 6. Bc4 Nd3+ 7. Ke2 Nf4+ 8.
Kf1 Ne6 9. b4 cxb4 10. Ne2 Nc7 11. d4 e6 12. h4 b5 13. Bb3 Bb7 14. Qd3 Nd7 15.
Bc2 Nf6 16. Ng3 Be7 17. e5 Nfd5 18. Nh5 g6 19. Ng3 Qd7 20. Ng5 f6 21. N5e4
O-O-O 22. Bb2 Kb8 23. f3 Nf4 24. Qe3 Ncd5 25. Qe1 Qc7 26. Rc1 Qc4+ 27. Ne2 Ne3+
28. Kf2 Nxc2 29. Nxf4 Nxe1 30. Rxc4 bxc4 31. Rxe1 f5 32. Ng5 Bxg5 33. hxg5 c3
34. Bc1 Rhe8 35. Be3 Bd5 36. Rb1 a5 37. Nxd5 Rxd5 38. Ke2 Rc8 39. Kd3 Kb7 40.
a3 0-1

[Event "Open international Liffré" 2016"]
[Site "?"]
[Date "2016.10.25"]
[Round "5"]
[White "ILLIEN, Jean-Marc"]
[Black "DUAULT, Alexis"]
[Result "1-0"]
[WhiteElo "1894"]
[BlackElo "1730"]
[PlyCount "146"]

1. e4 e6 2. d4 d5 3. Nd2 c5 4. exd5 exd5 5. dxc5 Bxc5 6. Ngf3 Nf6 7. Bb5+ Nc6
8. Qe2+ Be6 9. Nb3 Bb6 10. Nbd4 Qc8 11. Bxc6+ bxc6 12. Nf5 Bxf2+ 13. Kxf2 Ne4+
14. Qxe4 dxe4 15. Nd6+ Kd7 16. Nxc8 exf3 17. gxf3 Rhxc8 18. Be3 c5 19. Rad1+
Ke7 20. Rhg1 Kf8 21. Rg5 c4 22. Bc5+ Kg8 23. Bd4 g6 24. Ra5 a6 25. Bf6 Rc6 26.
Be5 Kf8 27. h4 Ke7 28. h5 f6 29. Bc3 Rb8 30. hxg6 hxg6 31. Rh1 Rb5 32. Ra4 Rh5
33. Rxh5 gxh5 34. Ra5 Bf7 35. f4 Kd7 36. Rf5 Ke7 37. Ra5 Bg6 38. Rd5 Ke6 39.
Rd2 Kf5 40. Kf3 Ke6 41. Re2+ Kf7 42. Rg2 Re6 43. Rd2 Bf5 44. Rd4 Bg4+ 45. Kf2
Rc6 46. Bd2 Re6 47. Be3 Rc6 48. Ke1 h4 49. Kf2 h3 50. Kg3 f5 51. Rd7+ Kg6 52.
Bd4 Kh6 53. Be5 Kg6 54. Rg7+ Kh6 55. Rg8 Kh7 56. Rd8 Kg6 57. a4 Kf7 58. Rd7+
Ke6 59. Rb7 Kd5 60. c3 Ke4 61. Bd4 Kd3 62. a5 Kc2 63. Rb6 Rc7 64. Rxa6 h2 65.
Rh6 Rc8 66. a6 Ra8 67. Rxh2+ Kb3 68. a7 Rg8 69. Rh8 Rg6 70. a8=Q Be2+ 71. Kf2
Bd3 72. Rb8+ Kc2 73. Qa4+ Kd2 1-0

[Event "Open international Liffré" 2016"]
[Site "?"]
[Date "2016.10.25"]
[Round "5"]
[White "VANDOMEL, Fabrice"]
[Black "TARMELLI, Marc"]
[Result "1-0"]
[WhiteElo "1724"]
[BlackElo "1875"]
[PlyCount "51"]

1. e4 c5 2. c3 d5 3. exd5 Qxd5 4. d4 cxd4 5. cxd4 e6 6. Nf3 Nf6 7. Nc3 Qd8 8.
Bc4 Bb4 9. O-O O-O 10. Bg5 Qc7 11. Qd3 Bxc3 12. bxc3 Nd5 13. Rac1 Nc6 14. Bb3
Nf4 15. Qe4 Ng6 16. h4 Nge7 17. Bf4 Qa5 18. Ne5 Nxe5 19. dxe5 Nd5 20. Bd2 Bd7
21. Rfd1 Bc6 22. c4 Nb4 23. Qe1 Qd8 24. Bxb4 Qxh4 25. Bxf8 Rxf8 26. Qe3 1-0

[Event "Open International Liffré" 2016"]
[Site "?"]
[Date "2016.10.26"]
[Round "6"]
[White "François Adrien"]
[Black "Durand-Le Ludec Brendan"]
[Result "0-1"]
[WhiteElo "1907"]
[BlackElo "2128"]
[PlyCount "96"]
[SourceDate "2012.12.11"]

1. e4 c5 2. Nc3 e6 3. Nf3 a6 4. Be2 b5 5. d4 cxd4 6. Nxd4 Bb7 7. Bf3 Qc7 8. O-O
Nc6 9. Re1 Ne5 10. Bf4 d6 11. Bxe5 dxe5 12. Nb3 Ne7 13. Qd2 Rd8 14. Qg5 h6 15.
Qg3 Ng6 16. Ne2 Nf4 17. Nxf4 exf4 18. Qg4 e5 19. Bd1 Bc8 20. Qe2 Be6 21. Qf1
Qc6 22. c3 Be7 23. Be2 O-O 24. Rac1 Rc8 25. Bd3 Rfd8 26. Red1 Rd7 27. Qe2 Rcd8
28. Bc2 Bc4 29. Qf3 Qe6 30. Rxd7 Rxd7 31. Rd1 Rc7 32. h3 b4 33. cxb4 Bxb4 34.
Rd8+ Kh7 35. Qd1 Be7 36. Rd2 Qb6 37. Bd3 Be6 38. Nc1 f3 39. gxf3 Bxh3 40. Kh2
Be6 41. Kg2 Bg5 42. Rc2 Rd7 43. Ne2 Bxa2 44. f4 exf4 45. e5+ g6 46. Bxg6+ Qxg6
47. Qxd7 Qxc2 48. Nd4 Qg6 0-1

[Event "Open International Liffré" 2016"]
[Site "?"]
[Date "2016.10.25"]
[Round "6"]
[White "Normand Victor"]
[Black "Petkov Vladimir"]
[Result "0-1"]
[WhiteElo "1899"]
[BlackElo "2517"]
[PlyCount "58"]
[SourceDate "2012.12.11"]

1. e4 e5 2. Nf3 Nc6 3. d4 exd4 4. Bc4 Nf6 5. e5 d5 6. Bb5 Nd7 7. O-O Be7 8.
Bxc6 bxc6 9. Nxd4 Nb8 10. c3 c5 11. Nb3 c4 12. Nd4 c5 13. Nc2 Nc6 14. f4 Bf5
15. Nd2 O-O 16. Nf3 Rb8 17. Ne3 Bd3 18. Rf2 d4 19. Nc2 f6 20. Nce1 dxc3 21.
bxc3 fxe5 22. fxe5 Qd5 23. Rd2 Nxe5 24. Nxd3 Nxd3 25. Ba3 Rb6 26. Qa4 Rg6 27.
Re1 Qxf3 28. Qxc4+ Kh8 29. Qxd3 Rxg2+ 0-1

[Event "Open International Liffré" 2016"]
[Site "?"]
[Date "2016.10.25"]
[Round "6"]
[White "Rider Palmer"]
[Black "Illien Jean-Marc"]
[Result "1-0"]
[WhiteElo "1772"]
[BlackElo "1894"]
[PlyCount "75"]
[SourceDate "2012.12.11"]

1. e4 c5 2. d4 cxd4 3. c3 Nf6 4. e5 Nd5 5. Nf3 Nc6 6. Bc4 Nb6 7. Bb3 d5 8. cxd4
Bg4 9. Be3 e6 10. Nbd2 Be7 11. O-O O-O 12. h3 Bh5 13. Qe1 Rc8 14. Rc1 Nb4 15.
Qe2 Bg6 16. Rxc8 Qxc8 17. Ne1 Qd7 18. a3 Nc6 19. Nd3 Qc7 20. Nf4 Bf5 21. g4 Bg6
22. Rc1 Qd8 23. Nxg6 hxg6 24. Nf3 Na5 25. Qb5 Nxb3 26. Qxb3 Qd7 27. Bg5 Bxg5
28. Nxg5 Rc8 29. Re1 Nc4 30. Re2 Rc7 31. Qg3 Qe8 32. Qh4 Kf8 33. Qh8+ Ke7 34.
Qxg7 Kd8 35. Nh7 Re7 36. Nf6 Qb5 37. Qf8+ Re8 38. Qxf7 1-0

[Event "Open International Liffré" 2016"]
[Site "?"]
[Date "2016.10.25"]
[Round "6"]
[White "Aubry Youri"]
[Black "Le Duigou"]
[Result "0-1"]
[WhiteElo "1762"]
[BlackElo "1874"]
[PlyCount "60"]
[SourceDate "2012.12.11"]

1. c4 e5 2. Nc3 Nc6 3. g3 g6 4. Bg2 Bg7 5. d3 d6 6. Rb1 Be6 7. b4 Qd7 8. b5 Nd8
9. a4 Ne7 10. Ne4 f5 11. Ng5 Bg8 12. Bb2 h6 13. N5h3 g5 14. f4 Ng6 15. fxg5
hxg5 16. Nxg5 Bf6 17. N1f3 Qg7 18. Qc1 Rh5 19. h4 f4 20. g4 Nxh4 21. gxh5 Bxg5
22. Bf1 Nxf3+ 23. exf3 Bh4+ 24. Kd2 Bf2 25. Qd1 Bh7 26. Be2 Ne6 27. Qf1 Be3+
28. Ke1 Bf5 29. Rd1 Qh7 30. Ba1 O-O-O 0-1

[Event "Open International Liffré" 2016"]
[Site "?"]
[Date "2016.10.25"]
[Round "6"]
[White "Le Gouellec Marc"]
[Black "Seite Sullian"]
[Result "0-1"]
[WhiteElo "1759"]
[BlackElo "1872"]
[PlyCount "130"]
[SourceDate "2012.12.11"]

1. e4 e6 2. d4 d5 3. e5 c5 4. c3 Nc6 5. Nf3 Bd7 6. Bd3 cxd4 7. cxd4 Qb6 8. O-O
Nxd4 9. Nxd4 Qxd4 10. Qe2 Ne7 11. Nc3 a6 12. Kh1 Nc6 13. f4 Bc5 14. Rd1 Qf2 15.
Qg4 g6 16. a3 Be7 17. g3 h5 18. Qh3 Qf3+ 19. Qg2 Qxg2+ 20. Kxg2 Na5 21. b4 Nb3
22. Rb1 Nxc1 23. Rbxc1 O-O 24. Rd2 a5 25. Rb2 Rfc8 26. Ne2 Rxc1 27. Nxc1 axb4
28. axb4 Ra4 29. Na2 Ra3 30. Nc1 Rc3 31. Rb1 Ba4 32. Be2 Bc2 33. Ra1 Be4+ 34.
Kf1 Bxb4 35. Ra8+ Bf8 36. Na2 Ra3 37. Rxa3 Bxa3 38. Nc3 Bc2 39. Nb5 Bc5 40. Nc7
d4 41. Bf3 d3 42. Be4 Bb1 43. Ne8 f5 44. Nf6+ Kf7 45. Bf3 Bc2 46. Bxb7 d2 47.
Bf3 d1=Q+ 48. Bxd1 Bxd1 49. Nh7 Be7 50. h4 Kg7 51. Ng5 Bxg5 52. hxg5 Kf7 53.
Ke1 Bg4 54. Kd2 Ke7 55. Kd3 Kd7 56. Kc4 Kc6 57. Kb4 Be2 58. Ka4 Kd5 59. Kb4 Ke4
60. Kc5 h4 61. gxh4 Kxf4 62. Kd6 Kg4 63. Kxe6 Kxh4 64. Kf6 Kh5 65. e6 f4 0-1

[Event "Open International Liffré" 2016"]
[Site "?"]
[Date "2016.10.26"]
[Round "6"]
[White "Seite Yamina"]
[Black "Vandomel Fabrice"]
[Result "1/2-1/2"]
[WhiteElo "1788"]
[BlackElo "1724"]
[PlyCount "70"]
[SourceDate "2012.12.11"]

1. e4 c5 2. Nc3 e6 3. Nge2 Nc6 4. d4 cxd4 5. Nxd4 a6 6. Be3 Qc7 7. Be2 Nf6 8.
O-O Be7 9. f4 d6 10. Qe1 Nxd4 11. Bxd4 b5 12. e5 dxe5 13. fxe5 Bc5 14. Qf2 Bxd4
15. Qxd4 Nd7 16. Ne4 O-O 17. Nd6 Qa7 18. Qxa7 Rxa7 19. Rae1 Rc7 20. Bh5 g6 21.
Bd1 Bb7 22. c3 Nb6 23. Bb3 Bd5 24. Rf4 Rd7 25. Rd4 f6 26. c4 fxe5 27. cxd5 Rxd6
28. Rxe5 exd5 29. Re7 Rdf6 30. h3 Rf1+ 31. Kh2 R8f7 32. Re6 R7f6 33. Re7 Rf7
34. Re6 R1f6 35. Re8+ Rf8 1/2-1/2

[Event "Open International Liffré" 2016"]
[Site "?"]
[Date "2016.10.26"]
[Round "7"]
[White "Pucher Sebastien"]
[Black "Petkov Vladimir"]
[Result "1-0"]
[WhiteElo "2366"]
[BlackElo "2517"]
[PlyCount "69"]
[SourceDate "2012.12.11"]

1. e4 e6 2. d4 d5 3. Nd2 c5 4. exd5 Qxd5 5. Ngf3 cxd4 6. Bc4 Qd7 7. O-O Nc6 8.
Nb3 Nf6 9. Nbxd4 Nxd4 10. Nxd4 a6 11. c3 b5 12. Be2 Bb7 13. Bf3 Rd8 14. Bxb7
Qxb7 15. Qf3 Qxf3 16. Nxf3 Bc5 17. Bg5 h6 18. Bxf6 gxf6 19. Rfd1 Ke7 20. Kf1 e5
21. Ke2 Ke6 22. Rxd8 Rxd8 23. Ne1 h5 24. a4 Bd6 25. axb5 axb5 26. Nc2 f5 27. g3
h4 28. Ra6 hxg3 29. hxg3 Rb8 30. Ne3 f4 31. gxf4 exf4 32. Nc2 Kd5 33. Kd3 Rb7
34. Nd4 Be5 35. b3 1-0

[Event "Open International Liffré" 2016"]
[Site "?"]
[Date "2016.10.27"]
[Round "7"]
[White "Pucher Olivier"]
[Black "Rider Palmer"]
[Result "1-0"]
[WhiteElo "2354"]
[BlackElo "1772"]
[PlyCount "50"]
[SourceDate "2012.12.11"]

1. d4 Nf6 2. c4 g6 3. Nc3 Bg7 4. e4 d6 5. Be2 O-O 6. Nf3 e5 7. O-O Nc6 8. d5
Ne7 9. Ne1 Nd7 10. Be3 f5 11. f3 f4 12. Bf2 g5 13. Rc1 Ng6 14. c5 dxc5 15. b4
cxb4 16. Nb5 c6 17. dxc6 bxc6 18. Rxc6 Nf6 19. Bc4+ Kh8 20. Qxd8 Rxd8 21. Nd6
Rxd6 22. Rxd6 Bb7 23. Nd3 Rc8 24. Nc5 Bf8 25. Nxb7 Ne8 1-0

[Event "Open international Liffré" 2016"]
[Site "?"]
[Date "2016.10.26"]
[Round "7"]
[White "Marie, Xavier"]
[Black "Le Duigou, Goulven"]
[Result "1/2-1/2"]
[WhiteElo "1860"]
[BlackElo "1874"]
[PlyCount "124"]
[SourceDate "2016.10.28"]

1. d4 Nf6 2. c4 e5 3. dxe5 Ng4 4. Bf4 Nc6 5. Nf3 Bb4+ 6. Nc3 Bxc3+ 7. bxc3 Qe7
8. Qd5 f6 9. exf6 Nxf6 10. Qd3 d6 11. g3 O-O 12. Bg2 Ne4 13. O-O Nc5 14. Qe3
Qf6 15. Nd4 Bd7 16. Bd5+ Kh8 17. Rab1 Rae8 18. Qd2 Ne5 19. Nb3 Ne6 20. Bxe5
Qxe5 21. Bxb7 c6 22. f4 Qh5 23. Qxd6 Rf7 24. Bxc6 Nf8 25. Bf3 Qf5 26. e4 Qh3
27. Bg2 Qg4 28. Qd1 Qe6 29. e5 Qg6 30. Bf3 Rxf4 31. Bh5 Rxf1+ 32. Kxf1 Qf5+ 33.
Kg1 Rxe5 34. Qf1 g6 35. Qxf5 Bxf5 36. Rf1 gxh5 37. Nd4 Bh3 38. Rxf8+ Kg7 39.
Ra8 Ra5 40. Nb5 Rxa2 41. Rxa7+ Rxa7 42. Nxa7 Kf6 43. Kf2 Ke5 44. Ke3 Kd6 45.
Kd4 Kc7 46. Kc5 Bf1 47. Nb5+ Kd7 48. Nd4 Bd3 49. Nc6 Be2 50. Nb4 Ke6 51. Kd4
Kf5 52. Nd5 Kg4 53. Nf6+ Kh3 54. Nxh7 Kxh2 55. Nf6 Kxg3 56. Nxh5+ Bxh5 57. Ke5
Kf3 58. c5 Ke3 59. c6 Kd3 60. c7 Bg4 61. c4 Kxc4 62. c8=Q+ Bxc8 1/2-1/2

[Event "Open international Liffré" 2016"]
[Site "?"]
[Date "2016.10.26"]
[Round "7"]
[White "Seite, Sullian"]
[Black "Francois, Adrien"]
[Result "0-1"]
[WhiteElo "1872"]
[BlackElo "1907"]
[PlyCount "84"]
[SourceDate "2016.10.28"]

1. Nf3 d5 2. d4 Nf6 3. e3 c5 4. Bd3 Nc6 5. O-O Bg4 6. c3 e6 7. Nbd2 Qc7 8. Qe2
cxd4 9. exd4 Bd6 10. h3 Bh5 11. Re1 O-O 12. Nb3 Bg6 13. Bxg6 hxg6 14. Be3 Rfc8
15. Rac1 a6 16. Nfd2 Ne7 17. Bg5 Nf5 18. h4 b5 19. h5 Bh2+ 20. Kh1 Nxh5 21. Qf3
Bf4 22. Bxf4 Nxf4 23. g3 Nh3 24. Kg2 Ng5 25. Qg4 Nh7 26. Rh1 Nh6 27. Qh4 Nf6
28. f3 Nd7 29. Rce1 a5 30. g4 Qf4 31. Nf1 g5 32. Qh3 a4 33. Nc1 a3 34. Nd3 Qd6
35. Ng3 axb2 36. Nh5 Rxa2 37. Nf2 Qf8 38. f4 f6 39. fxg5 fxg5 40. Qd3 Qxf2+ 41.
Kxf2 b1=Q+ 42. Ke3 Nxg4+ 0-1

[Event "Open international Liffré" 2016"]
[Site "?"]
[Date "2016.10.26"]
[Round "7"]
[White "Francez, Theo"]
[Black "Vandomel, Fabrice"]
[Result "1-0"]
[WhiteElo "1883"]
[BlackElo "1724"]
[PlyCount "109"]
[SourceDate "2016.10.28"]

1. Nf3 b6 2. g3 Bb7 3. Bg2 f5 4. O-O Nf6 5. c4 g6 6. Nc3 Bg7 7. d4 e6 8. Re1 d6
9. Ng5 Bxg2 10. Nxe6 Qe7 11. Nxg7+ Qxg7 12. Kxg2 O-O 13. e4 fxe4 14. Nxe4 Nxe4
15. Rxe4 Nc6 16. Be3 Qf7 17. d5 Ne5 18. f4 Nd7 19. Bd4 Rfe8 20. Rxe8+ Rxe8 21.
Qd2 a5 22. Re1 Re7 23. Rxe7 Qxe7 24. Qe3 Qd8 25. Qe6+ Kf8 26. h4 Nc5 27. Bxc5
bxc5 28. h5 Kg7 29. hxg6 hxg6 30. f5 gxf5 31. Qxf5 Qe7 32. Kf2 Qd8 33. Qg4+ Kf7
34. Qe6+ Kg7 35. Kf3 Qb8 36. b3 Qd8 37. Kf4 Qf8+ 38. Kg5 Qd8+ 39. Kg4 Qb8 40.
Qd7+ Kg6 41. Qf5+ Kg7 42. Kf4 Qe8 43. Qe4 Qd7 44. g4 Qf7+ 45. Qf5 Qe8 46. Qg5+
Kf8 47. Qf6+ Kg8 48. Qe6+ Qxe6 49. dxe6 c6 50. Ke4 Kg7 51. g5 Kg6 52. a3 Kg7
53. Kf5 d5 54. cxd5 cxd5 55. g6 1-0

[Event "Open International Liffré" 2016"]
[Site "?"]
[Date "2016.10.27"]
[Round "7"]
[White "Brault Gabriel"]
[Black "Genand Theo"]
[Result "1/2-1/2"]
[WhiteElo "1783"]
[BlackElo "1524"]
[PlyCount "83"]
[SourceDate "2012.12.11"]

1. e4 c6 2. d4 d5 3. exd5 cxd5 4. Bd3 Nf6 5. c3 Nc6 6. Nf3 Bg4 7. O-O e6 8. Bg5
Be7 9. Nbd2 O-O 10. Re1 Qc7 11. Bh4 Rac8 12. Rc1 Rfe8 13. Qc2 h6 14. Bg3 Qb6
15. Qb3 Qxb3 16. axb3 Nd7 17. h3 Bxf3 18. Nxf3 a6 19. b4 Ra8 20. Ra1 Rec8 21.
Ra2 Nb6 22. Nd2 Ra7 23. Raa1 Raa8 24. b5 axb5 25. Bxb5 Rxa1 26. Rxa1 Ra8 27.
Rxa8+ Nxa8 28. Nb3 Nb6 29. Kf1 Kf8 30. Ke2 Na7 31. Bd3 Na4 32. Na5 b6 33. Nb3
Nxb2 34. Ba6 Na4 35. Kd2 Nb2 36. Bb8 Nc6 37. Bc7 Nc4+ 38. Kd3 Nb2+ 39. Kc2 Nc4
40. Kd3 Nb2+ 41. Kc2 Nc4 42. Kd3 1/2-1/2